[Event "BL 8990 Solingen-Bayern"]
[Site "?"]
[Date "1990.??.??"]
[Round "?.5"]
[White "Bischoff, K."]
[Black "Zysk, R."]
[Result "1/2-1/2"]
[WhiteElo "2530"]
[BlackElo "2450"]
[PlyCount "97"]
[EventDate "1990.??.??"]

1. Nf3 d5 2. c4 e6 3. d4 f5 4. Bg5 Nf6 5. cxd5 exd5 6. Nc3 Be7 7. e3 c6 8. Bxf6
Bxf6 9. Qc2 Be6 10. Bd3 g6 11. O-O Nd7 12. b4 O-O 13. Rab1 Kh8 14. Ne2 Qe7 15.
Rfc1 Rac8 16. Nd2 Bg5 17. Nf4 Nf6 18. Qc5 Qd7 19. Nxe6 Qxe6 20. Nf3 Bh6 21. Re1
a6 22. Qb6 Qe7 23. Qc5 Qd8 24. Ne5 Ne4 25. Qc2 Bg7 26. f4 Bxe5 27. dxe5 Qe7 28.
Bxe4 dxe4 29. Qc5 Qe6 30. Rbd1 Rfd8 31. Rd6 Rxd6 32. exd6 Rd8 33. Rd1 Kg7 34.
Rd2 Rd7 35. h3 Kf7 36. a4 Qf6 37. a5 Qe6 38. Kh2 Qf6 39. Qc4+ Qe6 40. Qc5 Qf6
41. Kg1 h5 42. Kh2 h4 43. g3 hxg3+ 44. Kxg3 Qa1 45. Kg2 Qf6 46. Kh2 Kg7 47. Kg3
Kf7 48. Kh2 Kg7 49. Kg3 1/2-1/2

[Event "BL 8990 Solingen-Bayern"]
[Site "?"]
[Date "1990.??.??"]
[Round "?.7"]
[White "Schlosser, P."]
[Black "Podzielny, K."]
[Result "0-1"]
[WhiteElo "2475"]
[BlackElo "2430"]
[PlyCount "62"]
[EventDate "1990.??.??"]

1. d4 Nf6 2. Nf3 g6 3. c4 Bg7 4. Nc3 O-O 5. e4 d6 6. Be2 Na6 7. O-O Qe8 8. e5
dxe5 9. Nxe5 c6 10. Be3 Nd7 11. Nf3 e5 12. Qd2 e4 13. Ng5 Nf6 14. f3 exf3 15.
Nxf3 Bf5 16. Kh1 Rd8 17. Rae1 Nb4 18. Nh4 Bc8 19. Bg5 Rd6 20. Bg4 Qd8 21. Bxc8
Rxd4 22. Qe2 Qxc8 23. Qf3 Ng4 24. Be7 Ne5 25. Qe2 Nbd3 26. Bxf8 Qxf8 27. Rd1
Rxh4 28. Ne4 f5 29. Ng5 Qd6 30. g3 Rxc4 31. Nf3 Qd5 0-1

[Event "BL 8990 Solingen-Bayern"]
[Site "?"]
[Date "1990.??.??"]
[Round "?.8"]
[White "Dueball, J."]
[Black "Hecht, H."]
[Result "1-0"]
[WhiteElo "2435"]
[BlackElo "2435"]
[PlyCount "115"]
[EventDate "1990.??.??"]

1. c4 Nf6 2. Nc3 e6 3. Nf3 Bb4 4. Qc2 O-O 5. a3 Bxc3 6. Qxc3 d6 7. b4 Nbd7 8.
g3 b6 9. Bg2 Bb7 10. O-O c5 11. Bb2 Rc8 12. Qc2 Rc7 13. bxc5 bxc5 14. Rab1 Bc6
15. Bc3 Rc8 16. d3 Rb8 17. e4 Rxb1 18. Rxb1 Qc7 19. Nd2 Rb8 20. Rxb8+ Qxb8 21.
Qb3 Qxb3 22. Nxb3 Ba4 23. Na5 Kf8 24. d4 cxd4 25. Bxd4 a6 26. Nb7 Ke7 27. c5
dxc5 28. Nxc5 Nxc5 29. Bxc5+ Kd7 30. f3 h5 31. Kf2 g6 32. Ke3 e5 33. Bh3+ Kc6
34. Be7 Nd7 35. f4 Bb5 36. Bb4 Bc4 37. fxe5 g5 38. Bf5 Be6 39. Kd4 Kb5 40. h3
Nb8 41. Bd6 Nc6+ 42. Ke3 Kc4 43. h4 gxh4 44. gxh4 Bxf5 45. exf5 Kd5 46. Kf4 f6
47. Bc7 Nxe5 48. Bxe5 fxe5+ 49. Kg5 e4 50. f6 e3 51. f7 e2 52. f8=Q e1=Q 53.
Kxh5 Qe2+ 54. Kg5 Qg2+ 55. Kh6 Qd2+ 56. Kg7 Qc3+ 57. Kf7 a5 58. Qa8+ 1-0

[Event "BL 8990 München 36-Solingen"]
[Site "?"]
[Date "1990.??.??"]
[Round "?.2"]
[White "Bastian, H."]
[Black "Lobron, E."]
[Result "1-0"]
[WhiteElo "2340"]
[BlackElo "2585"]
[PlyCount "83"]
[EventDate "1990.??.??"]

1. e4 e6 2. d4 d5 3. e5 c5 4. c3 Nc6 5. Nf3 Bd7 6. Be2 Qc7 7. O-O f6 8. Bf4
Nge7 9. Na3 a6 10. Bg3 Nf5 11. exf6 Nxg3 12. f7+ Kxf7 13. fxg3 Ke8 14. c4 cxd4
15. cxd5 exd5 16. Bd3 Be7 17. Nc2 Kd8 18. Qd2 Qa5 19. b4 Bxb4 20. Qg5+ Be7 21.
Qxg7 Kc7 22. Ne5 Nxe5 23. Qxe5+ Bd6 24. Qg7 Rag8 25. Qh6 Rf8 26. Rfc1 Bc5 27.
Rab1 Kb8 28. a3 Ka8 29. Nb4 Bf5 30. Bxf5 Rxf5 31. Nd3 Qxa3 32. Qg7 Rb8 33. Nxc5
Qe3+ 34. Kh1 d3 35. Nd7 d2 36. Rg1 Re8 37. Nb6+ Kb8 38. Nxd5 Qxg1+ 39. Rxg1
Rxd5 40. Qf7 Re1 41. Qxd5 Rxg1+ 42. Kxg1 1-0

[Event "BL 8990 München 36-Solingen"]
[Site "?"]
[Date "1990.??.??"]
[Round "?.3"]
[White "Lau, R."]
[Black "Pichler, J."]
[Result "1/2-1/2"]
[WhiteElo "2470"]
[BlackElo "2325"]
[PlyCount "66"]
[EventDate "1990.??.??"]

1. e4 c5 2. Nf3 Nc6 3. d4 cxd4 4. Nxd4 Nf6 5. Nc3 e5 6. Ndb5 d6 7. a4 a6 8. Na3
Be6 9. Bg5 Qb6 10. Rb1 Qb4 11. Bxf6 gxf6 12. Be2 Rc8 13. O-O Nd4 14. Bg4 h5 15.
Nd5 Bxd5 16. Bxc8 Bxe4 17. Re1 Nf3+ 18. gxf3 Rg8+ 19. Kf1 Bc6 20. c4 d5 21.
cxd5 Bxa4 22. b3 Qh4 23. bxa4 Qxh2 24. d6 Rg2 25. Ke2 Rxf2+ 26. Kd3 Qf4 27. Nc2
Bh6 28. Re3 Qxa4 29. Rb4 Qc6 30. Bxb7 Qxd6+ 31. Rd4 Qb6 32. Rb4 Qd6+ 33. Rd4
Qb6 1/2-1/2

[Event "BL 8990 München 36-Solingen"]
[Site "?"]
[Date "1990.??.??"]
[Round "?.4"]
[White "Goetz, R."]
[Black "Schneider, B1."]
[Result "0-1"]
[WhiteElo "2315"]
[BlackElo "2475"]
[PlyCount "66"]
[EventDate "1990.??.??"]

1. e4 g6 2. d4 Bg7 3. Nc3 d6 4. Be3 Nc6 5. Nf3 Bg4 6. Be2 Nf6 7. h3 Bxf3 8.
Bxf3 e5 9. Ne2 O-O 10. c3 d5 11. Bg5 dxe4 12. Bxe4 exd4 13. Bxc6 bxc6 14. Qxd4
Qxd4 15. Nxd4 Rfe8+ 16. Kf1 Rab8 17. Bxf6 Bxf6 18. Nb3 a5 19. Rb1 a4 20. Nc5
Rb5 21. Nxa4 Ra8 22. c4 Rb4 23. Nc5 Rxb2 24. Rxb2 Bxb2 25. Ke2 Bd4 26. Nd3
Rxa2+ 27. Kf3 Rd2 28. Ke4 c5 29. Nf4 f5+ 30. Kd5 Be3+ 31. Ke5 Bxf2 32. Kf6 Bh4+
33. Ke5 Kf7 0-1

[Event "BL 8990 München 36-Solingen"]
[Site "?"]
[Date "1990.??.??"]
[Round "?.8"]
[White "Eppinger, G."]
[Black "Dueball, J."]
[Result "1/2-1/2"]
[WhiteElo "2260"]
[BlackElo "2435"]
[PlyCount "45"]
[EventDate "1990.??.??"]

1. e4 c5 2. Nf3 Nc6 3. Bb5 g6 4. O-O Bg7 5. Re1 Nf6 6. e5 Nd5 7. Nc3 Nc7 8.
Bxc6 dxc6 9. h3 O-O 10. d3 Ne6 11. Ne4 b6 12. b3 Nd4 13. Bb2 Bf5 14. Ng3 Be6
15. c3 Nxf3+ 16. Qxf3 Qc7 17. d4 cxd4 18. cxd4 Bd5 19. Qe3 Qd7 20. Ne2 Rfd8 21.
Nf4 Bh6 22. Qg3 Bxf4 23. Qxf4 1/2-1/2

[Event "BL 8990 Bayern-Dortmund"]
[Site "?"]
[Date "1990.??.??"]
[Round "?.2"]
[White "Hjartarson, J."]
[Black "Mainka, R."]
[Result "1-0"]
[WhiteElo "2555"]
[BlackElo "2450"]
[PlyCount "79"]
[EventDate "1990.??.??"]

1. c4 e5 2. g3 Nf6 3. Bg2 d5 4. cxd5 Nxd5 5. Nc3 Nb6 6. Nf3 Nc6 7. a3 Be6 8. d3
Be7 9. O-O O-O 10. b4 a5 11. b5 Nd4 12. Nd2 Qc8 13. e3 Nf5 14. Bb2 Rd8 15. Qc2
a4 16. Ne2 f6 17. Rfc1 Qd7 18. Qxc7 Qxb5 19. Rcb1 Rac8 20. Bxe5 Bb3 21. Qxb7
fxe5 22. Nxb3 axb3 23. a4 Qa5 24. Rxb3 Rb8 25. Qc6 Nd6 26. Bh3 Kh8 27. Rab1 Nd7
28. Rxb8 Rxb8 29. Rxb8+ Nxb8 30. Qc2 Na6 31. Nc3 Nb4 32. Qb1 h6 33. Bf1 Qc5 34.
Qb3 Nb7 35. Qe6 Nd8 36. Qd7 Qd6 37. Qe8+ Kh7 38. Ne4 Qc7 39. Bh3 h5 40. Bf5+
1-0

[Event "BL 8990 Bayern-Dortmund"]
[Site "?"]
[Date "1990.??.??"]
[Round "?.3"]
[White "Keitlinghaus, L."]
[Black "Kindermann, S."]
[Result "0-1"]
[WhiteElo "2405"]
[BlackElo "2530"]
[PlyCount "82"]
[EventDate "1990.??.??"]

1. Nf3 g6 2. e4 Bg7 3. d4 d6 4. c3 Nf6 5. Qc2 O-O 6. Be2 c5 7. dxc5 d5 8. exd5
Qxd5 9. O-O Qxc5 10. Be3 Qc7 11. Na3 a6 12. Nc4 Bf5 13. Qb3 Nbd7 14. Nb6 Rad8
15. Nxd7 Rxd7 16. Rfd1 Be6 17. Rxd7 Qxd7 18. Qa3 Nd5 19. Bc5 Nf4 20. Bf1 Bd5
21. c4 Bc6 22. Re1 Re8 23. h3 e5 24. Qe3 Qf5 25. Nd2 Bh6 26. Qg3 Nxh3+ 27. Qxh3
Qxh3 28. gxh3 Bxd2 29. Rd1 Bg5 30. b4 Rd8 31. Rxd8+ Bxd8 32. b5 axb5 33. cxb5
Bd5 34. b6 f5 35. a4 Kf7 36. a5 Be7 37. a6 bxa6 38. Bc4 Bxc5 39. b7 Bd6 40.
Bxd5+ Kf6 41. Kf1 a5 0-1

[Event "BL 8990 Bayern-Dortmund"]
[Site "?"]
[Date "1990.??.??"]
[Round "?.5"]
[White "Thesing, M."]
[Black "Bischoff, K."]
[Result "1/2-1/2"]
[WhiteElo "2370"]
[BlackElo "2530"]
[PlyCount "80"]
[EventDate "1990.??.??"]

1. d4 Nf6 2. Nf3 e6 3. Bg5 h6 4. Bxf6 Qxf6 5. Nbd2 d6 6. c3 Nd7 7. g3 g6 8. Bg2
Bg7 9. O-O Qe7 10. e4 O-O 11. a4 a5 12. Nc4 e5 13. Re1 Re8 14. Bh3 b6 15. Ne3
Qd8 16. Qc2 Bb7 17. Nd5 Nf6 18. Nxf6+ Qxf6 19. Bg2 Qe7 20. dxe5 dxe5 21. Bf1
Red8 22. Rad1 Qf6 23. Kg2 Rxd1 24. Rxd1 Rd8 25. Rxd8+ Qxd8 26. Bc4 Qd6 27. Ne1
Kf8 28. f3 Bf6 29. Qd3 Qxd3 30. Nxd3 Ke7 31. Kf2 Bg7 32. Ke3 Bc6 33. Bb5 Bb7
34. Bc4 f5 35. exf5 gxf5 36. f4 Kd6 37. fxe5+ Bxe5 38. Nxe5 Kxe5 39. Be2 Be4
40. Bf3 Bc2 1/2-1/2

[Event "BL 8990 Bayern-Dortmund"]
[Site "?"]
[Date "1990.??.??"]
[Round "?.7"]
[White "Buecker, S."]
[Black "Stangl, M."]
[Result "0-1"]
[WhiteElo "2325"]
[BlackElo "2375"]
[PlyCount "80"]
[EventDate "1990.??.??"]

1. f4 g6 2. Nf3 d6 3. e4 c6 4. d4 d5 5. Nc3 dxe4 6. Nxe4 Bg7 7. Bc4 Nf6 8.
Nxf6+ Bxf6 9. Ne5 O-O 10. c3 Nd7 11. O-O Nb6 12. Bd3 Qd6 13. Qe2 e6 14. Rf3 Nd5
15. Bd2 c5 16. dxc5 Qxc5+ 17. Kh1 Rd8 18. Be4 Bg7 19. Rd3 b5 20. Re1 Bb7 21. h4
Qc7 22. Rf3 a6 23. Bc1 Qe7 24. h5 Rac8 25. Rh3 Nf6 26. Bxb7 Qxb7 27. hxg6 hxg6
28. Be3 Qd5 29. Bb6 Re8 30. b3 Nh5 31. Rxh5 gxh5 32. Qxh5 Re7 33. Bd4 f6 34.
Qh4 fxe5 35. Qxe7 exd4 36. Rxe6 Qh5+ 37. Kg1 dxc3 38. Qd7 Qc5+ 39. Kh2 c2 40.
Re7 Qh5+ 0-1

[Event "BL 8990 Bayern-Dortmund"]
[Site "?"]
[Date "1990.??.??"]
[Round "?.8"]
[White "Klundt, K."]
[Black "Mainka, G."]
[Result "1/2-1/2"]
[WhiteElo "2390"]
[BlackElo "2345"]
[PlyCount "101"]
[EventDate "1990.??.??"]

1. e4 c5 2. Nf3 Nc6 3. d4 cxd4 4. Nxd4 Qb6 5. Nb3 Nf6 6. Nc3 e6 7. Bd3 Be7 8.
O-O d6 9. Kh1 O-O 10. f4 a6 11. Qf3 Qc7 12. Bd2 b5 13. Rae1 Bb7 14. Qh3 g6 15.
e5 dxe5 16. fxe5 Nd7 17. Bf4 Ncxe5 18. Qg3 Bd6 19. Bxb5 axb5 20. Nxb5 Qb6 21.
Nxd6 Qxd6 22. Bxe5 Nxe5 23. Qxe5 Qxe5 24. Rxe5 Rxa2 25. Rb1 Bd5 26. Nc1 Ra4 27.
Kg1 Rc8 28. Re2 Rd4 29. Nd3 Bc4 30. Rd1 Rcd8 31. Red2 e5 32. b3 Bb5 33. c4 Be8
34. Kf2 e4 35. Ke3 Rxd3+ 36. Rxd3 Rxd3+ 37. Rxd3 exd3 38. Kxd3 Kf8 39. Kd4 Ke7
40. b4 f6 41. b5 Kd6 42. c5+ Ke6 43. Kc4 h5 44. g3 Ke5 45. h3 Bd7 46. c6 Bxc6
47. bxc6 Kd6 48. Kb5 Kc7 49. Kc5 g5 50. Kd5 h4 51. gxh4 1/2-1/2

[Event "BL 8990 Heidelberg-Kirchheim"]
[Site "?"]
[Date "1990.??.??"]
[Round "?.1"]
[White "Adorjan, A."]
[Black "Ostl, A."]
[Result "0-1"]
[WhiteElo "2530"]
[BlackElo "2335"]
[PlyCount "82"]
[EventDate "1990.??.??"]

1. c4 c5 2. Nf3 g6 3. d4 Bg7 4. e4 Nc6 5. dxc5 Qa5+ 6. Nfd2 Nf6 7. Nc3 Qxc5 8.
Nb3 Qb6 9. Be2 d6 10. O-O O-O 11. Be3 Qd8 12. Nd4 Bd7 13. Rc1 Nxd4 14. Bxd4 Bc6
15. f3 Bh6 16. Rc2 Nd7 17. Re1 a5 18. b3 Nc5 19. Bf1 b6 20. Bf2 Ra7 21. Bh4 Rd7
22. Nd5 f6 23. Qb1 e6 24. Nc3 Bg5 25. Bf2 e5 26. Nd5 f5 27. a3 fxe4 28. fxe4
Rb7 29. b4 axb4 30. axb4 Ne6 31. Qd1 Ba4 32. Qg4 Bxc2 33. Qxe6+ Kg7 34. c5 bxc5
35. bxc5 Rbf7 36. Be3 Bb3 37. Qxd6 Bxe3+ 38. Nxe3 Qg5 39. Qd2 Qf4 40. Bc4 Bxc4
41. Nxc4 Qf1+ 0-1

[Event "BL 8990 Heidelberg-Kirchheim"]
[Site "?"]
[Date "1990.??.??"]
[Round "?.2"]
[White "Mack, P."]
[Black "Graf, J."]
[Result "1/2-1/2"]
[WhiteElo "2305"]
[BlackElo "2425"]
[PlyCount "40"]
[EventDate "1990.??.??"]

1. Nf3 Nf6 2. b3 g6 3. Bb2 Bg7 4. c4 c5 5. g3 b6 6. Bg2 Bb7 7. O-O O-O 8. d4 d6
9. Nc3 cxd4 10. Nxd4 Bxg2 11. Kxg2 Qc8 12. e4 Qb7 13. f3 Nbd7 14. Nd5 Rfe8 15.
Qe2 a6 16. Rfd1 e6 17. Nxf6+ Bxf6 18. Qd2 d5 19. cxd5 exd5 20. exd5 Qxd5
1/2-1/2

[Event "BL 8990 Heidelberg-Kirchheim"]
[Site "?"]
[Date "1990.??.??"]
[Round "?.3"]
[White "Gschnitzer, O."]
[Black "Steinbacher, M."]
[Result "1-0"]
[WhiteElo "2405"]
[BlackElo "2325"]
[PlyCount "117"]
[EventDate "1990.??.??"]

1. Nf3 d5 2. c4 c6 3. d4 Nf6 4. Nc3 dxc4 5. a4 Bf5 6. e3 Bd3 7. Bxd3 cxd3 8.
Qxd3 e6 9. O-O Be7 10. e4 Na6 11. Qe2 O-O 12. Rd1 Kh8 13. Bf4 Qa5 14. Ne5 Nb4
15. Nc4 Qa6 16. b3 Rac8 17. Bg5 Nbd5 18. Na2 Nb6 19. e5 Nxc4 20. exf6 gxf6 21.
Bh6 Nb6 22. Qxa6 bxa6 23. Bxf8 Bxf8 24. Rac1 Nd5 25. Rc4 a5 26. Nc1 Ba3 27. g3
Kg7 28. Nd3 Rb8 29. Rb1 Rb6 30. Nc5 Kg6 31. Ra1 Bb4 32. Rac1 Kf5 33. Kf1 h5 34.
h4 Ba3 35. Ra1 Bb4 36. Nd7 Rb7 37. Nc5 Rb6 38. Rd1 Ne7 39. Rd3 Kg6 40. Rf3 Nf5
41. Nd3 Nd6 42. Rc2 Nf5 43. Nf4+ Kh6 44. Rd3 Bd6 45. Ng2 Ne7 46. Ne3 Rb8 47.
Nc4 Bc7 48. Nd2 Rd8 49. Ke2 Kg6 50. Rc4 Bb6 51. b4 axb4 52. Rxb4 Nf5 53. Nb3
Rd5 54. Rc4 Ne7 55. Rd1 f5 56. f4 Kf6 57. Ra1 a5 58. Rb1 Rd8 59. Nc5 1-0

[Event "BL 8990 Heidelberg-Kirchheim"]
[Site "?"]
[Date "1990.??.??"]
[Round "?.4"]
[White "Neurohr, S."]
[Black "Mueller, O."]
[Result "1/2-1/2"]
[WhiteElo "2325"]
[BlackElo "2355"]
[PlyCount "80"]
[EventDate "1990.??.??"]

1. d4 Nf6 2. c4 e6 3. Nc3 Bb4 4. Qc2 c5 5. dxc5 Nc6 6. Nf3 Bxc5 7. Bg5 Nd4 8.
Nxd4 Bxd4 9. e3 Qa5 10. exd4 Qxg5 11. Qd2 Qxd2+ 12. Kxd2 b6 13. Bd3 Bb7 14. f3
Ke7 15. Rhc1 Rhc8 16. Nd1 d5 17. c5 bxc5 18. dxc5 a5 19. Rc2 Rab8 20. Bb5 Ba8
21. Ba4 Bc6 22. Bxc6 Rxc6 23. Nf2 Nd7 24. Nd3 Rbc8 25. Rac1 f6 26. b3 Rb8 27.
Rb1 Rbc8 28. Rbc1 Rb8 29. Rb1 e5 30. b4 axb4 31. Nxb4 Ke6 32. Nxc6 Rxb1 33. a4
Nb8 34. Na7 Rb7 35. c6 Rc7 36. a5 Na6 37. Nb5 Rc8 38. Na7 Rc7 39. Nb5 Rc8 40.
Na7 Rc7 1/2-1/2

[Event "BL 8990 Heidelberg-Kirchheim"]
[Site "?"]
[Date "1990.??.??"]
[Round "?.5"]
[White "Vonthron, H."]
[Black "Grathwohl, R."]
[Result "1-0"]
[WhiteElo "2385"]
[BlackElo "2360"]
[PlyCount "59"]
[EventDate "1990.??.??"]

1. e4 c6 2. d3 e5 3. Nf3 Ne7 4. c3 d6 5. d4 exd4 6. cxd4 d5 7. Nc3 dxe4 8. Ng5
Nd5 9. Bc4 Be7 10. Ngxe4 O-O 11. O-O Be6 12. Qb3 Nxc3 13. bxc3 Bxc4 14. Qxc4
Qd5 15. Qb3 Nd7 16. Re1 Nb6 17. Bb2 Rfe8 18. Re2 f5 19. Nd2 Bg5 20. Rxe8+ Rxe8
21. c4 Qf7 22. Nf3 Bf6 23. Rc1 Re2 24. Kf1 Re4 25. a4 c5 26. a5 Nc8 27. dxc5
Bxb2 28. Qxb2 Rxc4 29. Rd1 Re4 30. Ne5 1-0

[Event "BL 8990 Heidelberg-Kirchheim"]
[Site "?"]
[Date "1990.??.??"]
[Round "?.7"]
[White "Biebinger, G."]
[Black "Neunhoeffer, H."]
[Result "1-0"]
[WhiteElo "2290"]
[BlackElo "2265"]
[PlyCount "85"]
[EventDate "1990.??.??"]

1. c4 e6 2. Nc3 d5 3. d4 Nf6 4. Nf3 Be7 5. cxd5 exd5 6. Bf4 c6 7. e3 Bf5 8. Bd3
Bxd3 9. Qxd3 O-O 10. O-O Nbd7 11. h3 Re8 12. Rab1 a5 13. Rfc1 Bf8 14. Qc2 Nb6
15. Nd2 Bd6 16. Ne2 Ne4 17. Nxe4 Rxe4 18. Bxd6 Qxd6 19. Ng3 Ree8 20. b3 g6 21.
Qd2 Qb4 22. Qb2 Re7 23. Ne2 Qd6 24. Nf4 a4 25. Nd3 axb3 26. axb3 Ree8 27. Ra1
Nd7 28. Rxa8 Rxa8 29. Ra1 Qf8 30. Ra2 b6 31. b4 Qb8 32. Qa1 Rxa2 33. Qxa2 Qb7
34. g4 h6 35. Qa3 Kg7 36. Kg2 Kg8 37. b5 c5 38. Qa6 Qc7 39. Qa8+ Kg7 40. Qc6
Qd8 41. Qxd5 cxd4 42. Ne5 dxe3 43. fxe3 1-0

[Event "BL 8990 Hofheim-Sindelfingen"]
[Site "?"]
[Date "1990.??.??"]
[Round "?.1"]
[White "Darga, K."]
[Black "Zude, A."]
[Result "0-1"]
[WhiteElo "2470"]
[BlackElo "2325"]
[PlyCount "66"]
[EventDate "1990.??.??"]

1. d4 Nf6 2. c4 e6 3. Nf3 b6 4. Nc3 Bb7 5. a3 d5 6. cxd5 Nxd5 7. e3 Be7 8. Bb5+
c6 9. Bd3 O-O 10. O-O c5 11. Nxd5 Qxd5 12. e4 Qd7 13. Be3 Rd8 14. Ne5 Qe8 15.
dxc5 Bf6 16. Nc4 bxc5 17. Bxc5 Na6 18. Nd6 Qc6 19. Nxb7 Qxb7 20. Be3 Qxb2 21.
Rb1 Qxa3 22. Rb3 Qd6 23. Qh5 Rab8 24. e5 Qxe5 25. Qxh7+ Kf8 26. Rxb8 Nxb8 27.
Rc1 Nd7 28. h4 a5 29. g4 Qb2 30. Rc7 Bd4 31. Qe4 Nf6 32. Rxf7+ Kxf7 33. Qg6+
Kf8 0-1

[Event "BL 8990 Hofheim-Sindelfingen"]
[Site "?"]
[Date "1990.??.??"]
[Round "?.2"]
[White "Buchal, S."]
[Black "Mohr, S."]
[Result "0-1"]
[WhiteElo "2335"]
[BlackElo "2485"]
[PlyCount "50"]
[EventDate "1990.??.??"]

1. e4 g6 2. d4 Bg7 3. Nc3 d6 4. Be3 c6 5. Qd2 b5 6. h4 h5 7. Nf3 Nd7 8. Ng5 Qa5
9. f4 Nb6 10. Bd3 Nh6 11. O-O Ng4 12. a4 Nc4 13. Bxc4 bxc4 14. e5 Bf5 15. Qe2
O-O 16. Nge4 d5 17. Nc5 Bxc2 18. e6 Bf5 19. Nd7 Bd3 20. Qd2 Bxf1 21. Nxf8 Bd3
22. Nd7 fxe6 23. Ne5 Bxe5 24. fxe5 Qb4 25. Nd1 Rf8 0-1

[Event "BL 8990 Hofheim-Sindelfingen"]
[Site "?"]
[Date "1990.??.??"]
[Round "?.3"]
[White "Rajkovic, D."]
[Black "Schmitzer, K."]
[Result "1-0"]
[WhiteElo "2465"]
[BlackElo "2305"]
[PlyCount "71"]
[EventDate "1990.??.??"]

1. Nf3 Nf6 2. c4 e6 3. d4 d5 4. g3 c5 5. cxd5 exd5 6. Bg2 Nc6 7. O-O Be7 8. Nc3
c4 9. Ne5 O-O 10. b3 Qa5 11. Na4 Rd8 12. Nxc6 bxc6 13. Bd2 Qa6 14. Qc2 Be6 15.
Bf4 Rac8 16. Rfd1 Nh5 17. Be3 g6 18. Nc5 Bf5 19. Qc3 Bxc5 20. dxc5 cxb3 21. Bf3
b2 22. Qxb2 Rb8 23. Qc3 Ng7 24. Bf4 Rbc8 25. g4 Ne6 26. Bh6 Be4 27. Qf6 Qa5 28.
Rac1 Bxf3 29. exf3 Re8 30. Re1 Qc7 31. f4 Qe7 32. Qxe7 Rxe7 33. f5 Ree8 34.
fxe6 fxe6 35. Bf4 Kf7 36. Rb1 1-0

[Event "BL 8990 Hofheim-Sindelfingen"]
[Site "?"]
[Date "1990.??.??"]
[Round "?.4"]
[White "Zude, E."]
[Black "Fahnenschmidt, G."]
[Result "1/2-1/2"]
[WhiteElo "2325"]
[BlackElo "2405"]
[PlyCount "52"]
[EventDate "1990.??.??"]

1. e4 c5 2. Nf3 e6 3. d4 cxd4 4. Nxd4 Nf6 5. Nc3 d6 6. Be2 Be7 7. O-O O-O 8. f4
a6 9. Bf3 Qc7 10. Be3 Nc6 11. Nxc6 bxc6 12. Na4 Rb8 13. c4 c5 14. Qc2 Bd7 15.
Nc3 Bc6 16. Rad1 Rfd8 17. Rd3 Qb7 18. Rd2 Ne8 19. Rdf2 Bf6 20. Nd1 Bd4 21. Bxd4
cxd4 22. e5 Rd7 23. f5 exf5 24. Qxf5 dxe5 25. Qxe5 Bxf3 26. Rxf3 Qc7 1/2-1/2

[Event "BL 8990 Hofheim-Sindelfingen"]
[Site "?"]
[Date "1990.??.??"]
[Round "?.5"]
[White "Kraut, R."]
[Black "Haubt, G."]
[Result "1/2-1/2"]
[WhiteElo "2380"]
[BlackElo "2295"]
[PlyCount "41"]
[EventDate "1990.??.??"]

1. e4 e5 2. Nf3 Nf6 3. Nxe5 d6 4. Nf3 Nxe4 5. Nc3 Nxc3 6. dxc3 Be7 7. Be3 Nd7
8. Qd2 O-O 9. Be2 Nc5 10. Rd1 Bf6 11. Nd4 Re8 12. O-O Bd7 13. Bf3 Qc8 14. c4
Bg4 15. Bxg4 Qxg4 16. h3 Qh5 17. Nb5 Re7 18. Nc3 Bxc3 19. Qxc3 Ne4 20. Qd4 b6
21. Bc1 1/2-1/2

[Event "BL 8990 Hofheim-Sindelfingen"]
[Site "?"]
[Date "1990.??.??"]
[Round "?.7"]
[White "Bialas, W."]
[Black "Schroeder, C."]
[Result "1-0"]
[WhiteElo "2370"]
[BlackElo "2255"]
[PlyCount "81"]
[EventDate "1990.??.??"]

1. Nf3 d5 2. c4 c6 3. d4 Nf6 4. e3 Bf5 5. Bd3 Bxd3 6. Qxd3 e6 7. Nc3 Be7 8. O-O
O-O 9. e4 dxe4 10. Nxe4 Nbd7 11. Bf4 Nxe4 12. Qxe4 Qb6 13. c5 Qb5 14. Qc2 Qa5
15. b4 Qd8 16. Rab1 a6 17. a4 g5 18. Bg3 f5 19. Be5 Nxe5 20. dxe5 g4 21. Rbd1
gxf3 22. Rxd8 Raxd8 23. gxf3 Rd5 24. Rd1 Rfd8 25. Rxd5 Rxd5 26. f4 Rd4 27. Qc3
Rxf4 28. f3 Kf7 29. a5 Rh4 30. Kg2 Rf4 31. Kg3 Rh4 32. h3 f4+ 33. Kg2 Rh5 34.
Qd4 Rg5+ 35. Kf1 Rf5 36. Ke2 Ke8 37. Kd3 Bf8 38. Ke4 Bg7 39. Qd6 Rxe5+ 40. Kxf4
Kf7 41. Qc7+ 1-0

[Event "BL 8990 Hofheim-Sindelfingen"]
[Site "?"]
[Date "1990.??.??"]
[Round "?.8"]
[White "Kaulfuss, H."]
[Black "Franke, H."]
[Result "0-1"]
[WhiteElo "2225"]
[BlackElo "2370"]
[PlyCount "78"]
[EventDate "1990.??.??"]

1. e4 e6 2. d3 d5 3. Nd2 Nf6 4. Ngf3 Be7 5. g3 c5 6. Bg2 Nc6 7. O-O b6 8. Re1
Bb7 9. c3 O-O 10. e5 Nd7 11. Nf1 a5 12. a4 Ba6 13. h4 b5 14. axb5 Bxb5 15. N1h2
a4 16. Bf4 Na5 17. Qc2 Nb3 18. Rab1 h6 19. h5 Ra6 20. Ng4 Re8 21. Ne3 f5 22. c4
dxc4 23. Nxc4 Nb6 24. Rbd1 Nd5 25. Bf1 Nxf4 26. gxf4 Bc6 27. Qe2 Qd5 28. Bg2
Nd4 29. Qe3 Nxf3+ 30. Kh1 Rb8 31. Nd2 Nxd2 32. Bxd5 Bxd5+ 33. f3 Nxf3 34. Re2
Nd4+ 35. Kg1 Bf3 36. Rdd2 Bxe2 37. Rxe2 Nxe2+ 38. Qxe2 Rab6 39. Qc2 a3 0-1

[Event "BL 8990 Kirchheim-Hofheim"]
[Site "?"]
[Date "1990.??.??"]
[Round "?.1"]
[White "Zude, A."]
[Black "Adorjan, A."]
[Result "0-1"]
[WhiteElo "2325"]
[BlackElo "2530"]
[PlyCount "52"]
[EventDate "1990.??.??"]

1. e4 c5 2. Nf3 e6 3. d4 cxd4 4. Nxd4 Nf6 5. Nc3 d6 6. Be2 Be7 7. O-O O-O 8. f4
Qb6 9. Be3 Qxb2 10. Ncb5 Qb4 11. Nc7 Qc3 12. Nxa8 Qxe3+ 13. Kh1 Nxe4 14. Qd3
Nf2+ 15. Rxf2 Qxf2 16. Rf1 Qh4 17. Qa3 e5 18. Nb5 Nc6 19. Nxa7 Bg4 20. Nxc6
Bxe2 21. Nxe7+ Qxe7 22. Re1 exf4 23. Kg1 Re8 24. Nc7 Qxc7 25. Rxe2 Qb6+ 26. Kf1
Qb5 0-1

[Event "BL 8990 Kirchheim-Hofheim"]
[Site "?"]
[Date "1990.??.??"]
[Round "?.2"]
[White "Graf, J."]
[Black "Buchal, S."]
[Result "1/2-1/2"]
[WhiteElo "2425"]
[BlackElo "2335"]
[PlyCount "53"]
[EventDate "1990.??.??"]

1. c4 Nf6 2. d4 e5 3. dxe5 Ng4 4. Bf4 Nc6 5. Nf3 Bb4+ 6. Nbd2 Qe7 7. e3 Ngxe5
8. Nxe5 Nxe5 9. a3 Bxd2+ 10. Qxd2 d6 11. Be2 O-O 12. O-O b6 13. b4 Bb7 14. Rac1
Nd7 15. Qb2 a5 16. Rfd1 Ra7 17. Rd2 axb4 18. axb4 Rfa8 19. h3 h6 20. Qd4 Ra4
21. Rb2 Qe4 22. f3 Qe6 23. Bd1 Ra3 24. e4 Ne5 25. Be2 Qf6 26. Qd2 Nd3 27. Bxd3
1/2-1/2

[Event "BL 8990 Kirchheim-Hofheim"]
[Site "?"]
[Date "1990.??.??"]
[Round "?.3"]
[White "Schmitzer, K."]
[Black "Gschnitzer, O."]
[Result "0-1"]
[WhiteElo "2305"]
[BlackElo "2405"]
[PlyCount "116"]
[EventDate "1990.??.??"]

1. Nf3 c5 2. e4 Nc6 3. d4 cxd4 4. Nxd4 Nf6 5. Nc3 d6 6. Bg5 e6 7. Qd2 Be7 8.
O-O-O O-O 9. Nb3 Qb6 10. f4 h6 11. Bxf6 Bxf6 12. Qxd6 Bxc3 13. bxc3 Qe3+ 14.
Kb2 Rd8 15. Rd3 Qe1 16. Qc7 Rxd3 17. cxd3 Qf2+ 18. Kb1 Qe1+ 19. Kc2 Qf2+ 20.
Nd2 Qc5 21. Kb2 Qf2 22. Kc1 Qe1+ 23. Kc2 Qa1 24. Nc4 Qxa2+ 25. Kc1 Qf2 26. d4
Qe1+ 27. Kb2 Qf2+ 28. Kb1 Qe1+ 29. Kc2 Qxe4+ 30. Kb2 Qe1 31. Nd6 Qd2+ 32. Kb1
Qd1+ 33. Kb2 Qd2+ 34. Kb1 Qxc3 35. Qxf7+ Kh8 36. Qg6 Qb3+ 37. Kc1 Qa3+ 38. Kd1
Qa1+ 39. Kd2 Qb2+ 40. Kd1 Qb3+ 41. Kd2 Qb2+ 42. Ke3 Qc1+ 43. Kf2 Qxf4+ 44. Ke1
Qc1+ 45. Kf2 Qd2+ 46. Kg3 Qe3+ 47. Kh4 Qxd4+ 48. g4 Qxd6 49. Bd3 Qd8+ 50. Kg3
Qg8 51. Qe4 Bd7 52. Rf1 g6 53. Rf6 Qg7 54. Qf4 g5 55. Qf1 Ne5 56. Bb1 Rc8 57.
h4 gxh4+ 58. Kh2 Nxg4+ 0-1

[Event "BL 8990 Kirchheim-Hofheim"]
[Site "?"]
[Date "1990.??.??"]
[Round "?.4"]
[White "Mueller, O."]
[Black "Zude, E."]
[Result "1-0"]
[WhiteElo "2355"]
[BlackElo "2325"]
[PlyCount "48"]
[EventDate "1990.??.??"]

1. e4 e5 2. Nf3 Nc6 3. Bb5 Nf6 4. O-O Nxe4 5. d4 Nd6 6. dxe5 Nxb5 7. a4 Nbd4 8.
Nxd4 Nxd4 9. Qxd4 d5 10. Nc3 c6 11. f4 Bf5 12. Be3 Qd7 13. Rf2 b6 14. b4 Rd8
15. Rd1 Qe6 16. a5 b5 17. Ne2 Rc8 18. Qc3 Qd7 19. Nd4 Be4 20. Nb3 h5 21. Rdf1
a6 22. f5 Rg8 23. Bc5 g6 24. e6 Qc7 1-0